[Event "Skalica op-B"]
[Site "Skalica"]
[Date "2023.08.25"]
[Round "7"]
[White "Haasova, Nina"]
[Black "Hrbkova, Johana"]
[Result "0-1"]
[WhiteElo "1134"]
[BlackElo "1225"]
[PlyCount "70"]
[EventDate "2023.08.19"]
[EventType "swiss"]
[EventRounds "9"]
[EventCountry "SVK"]
[SourceTitle "CBM 215 Extra"]
[Source "ChessBase"]
[SourceDate "2023.09.30"]
[SourceVersion "1"]
[SourceVersionDate "2023.09.30"]
[SourceQuality "1"]

1. d4 d5 2. Nf3 Nf6 3. e3 e6 4. Bd3 Nbd7 5. Nbd2 c5 6. c3 Bd6 7. 0-0 0-0 8. dxc5 Nxc5 9. Bc2 e5 10. b4 Ncd7 11. e4 Nb6 12. a3 Bg4 13. h3 Bh5 14. Qe2 dxe4 15. Bxe4 Nxe4 16. Qxe4 Qc7 17. Bb2 Na4 18. Qc2 Nxb2 19. Qxb2 Rac8 20. Rac1 Rfe8 21. Ng5 f5 22. Qb3+ Kh8 23. Ne6 Qd7 24. Ng5 Be7 25. Ndf3 Bf6 26. Rfd1 Qe7 27. Rd3 e4 28. Re3 Bxg5 29. Nxg5 Qxg5 30. Rce1 Bf3 31. g3 Qh5 32. h4 Qg4 33. Kh2 g5 34. hxg5 Qh5+ 35. Kg1 Qh1# 0-1

[Event "Skalica op-B"]
[Site "Skalica"]
[Date "2023.08.24"]
[Round "6"]
[White "Kocur, Jan"]
[Black "Haasova, Nina"]
[Result "1/2-1/2"]
[WhiteElo "1498"]
[BlackElo "1134"]
[PlyCount "109"]
[EventDate "2023.08.19"]
[EventType "swiss"]
[EventRounds "9"]
[EventCountry "SVK"]
[SourceTitle "CBM 215 Extra"]
[Source "ChessBase"]
[SourceDate "2023.09.30"]
[SourceVersion "1"]
[SourceVersionDate "2023.09.30"]
[SourceQuality "1"]

1. e4 e6 2. Nc3 d5 3. exd5 exd5 4. d4 c6 5. h3 Bd6 6. Nf3 Ne7 7. Bd3 Bf5 8. 0-0 0-0 9. Bg5 f6 10. Bh4 Bxd3 11. Qxd3 Ng6 12. Bg3 Re8 13. Rfe1 Bxg3 14. fxg3 Nd7 15. Rxe8+ Qxe8 16. Re1 Qf7 17. Re3 Re8 18. Rxe8+ Qxe8 19. Qe2 Qf7 20. Na4 b5 21. Nc3 a6 22. a4 Nb6 23. axb5 axb5 24. Na2 Nc4 25. b3 Nd6 26. Nb4 Qd7 27. Nd2 Qe7 28. Qxe7 Nxe7 29. g4 Kf7 30. Kf2 Kg6 31. Ke3 Kg5 32. Nf3+ Kh6 33. Nd2 g5 34. Kd3 Kg6 35. c4 f5 36. cxb5 Nxb5 37. gxf5+ Kxf5 38. Ke3 h5 39. Nf3 g4 40. hxg4+ Kxg4 41. Ne5+ Kg3 42. Nexc6 Nxc6 43. Nxc6 Kxg2 44. Ne5 h4 45. Nf3 h3 46. b4 Nc3 47. Nh4+ Kf1 48. Nf3 Nd1+ 49. Kf4 Nc3 50. Kg3 Ke2 51. Ne5 Ke3 52. Nd7 Kxd4 53. Nb6 Ke5 54. Nxd5 Kxd5 55. Kxh3 1/2-1/2

[Event "SVK-ch Amateurs"]
[Site "Liptovsky Jan"]
[Date "2023.06.18"]
[Round "7"]
[White "Haasova, Nina"]
[Black "Stricova, Viktoria Lea"]
[Result "1-0"]
[WhiteElo "1114"]
[BlackElo "1159"]
[PlyCount "93"]
[EventDate "2023.06.15"]
[EventType "swiss"]
[EventRounds "8"]
[EventCountry "SVK"]
[SourceTitle "CBM 214 Extra"]
[Source "ChessBase"]
[SourceDate "2023.07.31"]
[SourceVersion "1"]
[SourceVersionDate "2023.07.31"]
[SourceQuality "1"]

1. d4 d5 2. Nf3 Nf6 3. e3 c6 4. Bd3 Bg4 5. h3 Bh5 6. Nbd2 e6 7. Be2 Bd6 8. Nb3 Ne4 9. Nfd2 Bxe2 10. Qxe2 0-0 11. Nxe4 dxe4 12. 0-0 Nd7 13. c4 Qc7 14. c5 Be7 15. Bd2 Nf6 16. f4 Nd5 17. Nc1 b6 18. cxb6 axb6 19. a3 f6 20. Na2 e5 21. f5 exd4 22. exd4 Qd6 23. Qxe4 Bd8 24. Qe6+ Qxe6 25. fxe6 Re8 26. Rfe1 Nc7 27. Rac1 Nxe6 28. Rxc6 Nc7 29. Rxb6 Rxe1+ 30. Bxe1 Nd5 31. Rd6 Ne3 32. Rd7 Nc2 33. Bc3 Bb6 34. Kf1 Ra4 35. d5 Ra7 36. Rxa7 Bxa7 37. Ke2 Be3 38. Kd3 Ne1+ 39. Bxe1 Ba7 40. Kc4 Kf7 41. Kb5 Ke7 42. Kc6 Bb8 43. Bb4+ Kd8 44. d6 g5 45. Bc3 f5 46. Bf6+ Kc8 47. d7# 1-0

[Event "SVK-ch Amateurs"]
[Site "Liptovsky Jan"]
[Date "2023.06.17"]
[Round "5"]
[White "Haasova, Nina"]
[Black "Juhar, Vladimir"]
[Result "0-1"]
[WhiteElo "1114"]
[BlackElo "1366"]
[PlyCount "102"]
[EventDate "2023.06.15"]
[EventType "swiss"]
[EventRounds "8"]
[EventCountry "SVK"]
[SourceTitle "CBM 214 Extra"]
[Source "ChessBase"]
[SourceDate "2023.07.31"]
[SourceVersion "1"]
[SourceVersionDate "2023.07.31"]
[SourceQuality "1"]

1. d4 d5 2. Nf3 Nf6 3. e3 c6 4. Bd3 e6 5. 0-0 Bd6 6. Nbd2 0-0 7. e4 dxe4 8. Nxe4 Nxe4 9. Bxe4 f5 10. Bd3 Be7 11. c3 Bf6 12. Re1 b5 13. Bf4 g5 14. Bxb8 Rxb8 15. h3 Rb7 16. Qc2 Kh8 17. Rac1 Rg8 18. g4 fxg4 19. hxg4 Qf8 20. Kg2 Rgg7 21. Rh1 Qd6 22. Rh6 Qf4 23. Nh2 Rbe7 24. Rh1 Bb7 25. f3 e5 26. dxe5 Bxe5 27. Nf1 c5 28. Qf2 Qxg4+ 29. Ng3 Bxg3 30. Qxg3 Qxg3+ 31. Kxg3 c4 32. Bc2 Re2 33. R1h2 Re3 34. Rf2 Rf7 35. Bd1 Rg7 36. Rf6 h5 37. Rf8+ Rg8 38. Rxg8+ Kxg8 39. Kh2 Bc8 40. f4 g4 41. Kg2 Bf5 42. Kg1 Bd3 43. Kg2 Be4+ 44. Kg1 Re1+ 45. Rf1 Rxf1+ 46. Kxf1 Kg7 47. Kg1 Kf6 48. Kf2 Kf5 49. Kg3 a5 50. a4 bxa4 51. Bxa4 h4+ 0-1

[Event "SVK-ch Amateurs"]
[Site "Liptovsky Jan"]
[Date "2023.06.15"]
[Round "1"]
[White "Haasova, Nina"]
[Black "Adamski, Adam"]
[Result "0-1"]
[WhiteElo "1114"]
[BlackElo "1798"]
[PlyCount "56"]
[EventDate "2023.06.15"]
[EventType "swiss"]
[EventRounds "8"]
[EventCountry "SVK"]
[SourceTitle "CBM 214 Extra"]
[Source "ChessBase"]
[SourceDate "2023.07.31"]
[SourceVersion "1"]
[SourceVersionDate "2023.07.31"]
[SourceQuality "1"]

1. d4 Nf6 2. Nf3 g6 3. g3 Bg7 4. Bg2 d5 5. 0-0 0-0 6. c3 c6 7. h3 Nbd7 8. Nbd2 Re8 9. Re1 e5 10. e4 dxe4 11. Nxe4 Nxe4 12. Rxe4 exd4 13. Rxe8+ Qxe8 14. cxd4 Nb6 15. Be3 Be6 16. a3 Bd5 17. Nd2 Bxg2 18. Kxg2 Rd8 19. Nf3 c5 20. b4 cxd4 21. Bd2 Nc4 22. Ra2 Qe4 23. Bg5 Re8 24. a4 h6 25. Bd2 Qe2 26. Qxe2 Rxe2 27. Rc2 Ne3+ 28. Bxe3 Rxc2 0-1

[Event "Skalica op-B"]
[Site "Skalica"]
[Date "2022.08.23"]
[Round "4"]
[White "Haasova, Nina"]
[Black "Polansky, Matej"]
[Result "1-0"]
[WhiteElo "1196"]
[BlackElo "1251"]
[PlyCount "123"]
[EventDate "2022.08.20"]
[EventType "swiss"]
[EventRounds "9"]
[EventCountry "SVK"]
[SourceTitle "CBM 209 Extra"]
[Source "ChessBase"]
[SourceDate "2022.09.30"]
[SourceVersion "1"]
[SourceVersionDate "2022.09.30"]
[SourceQuality "1"]

1. d4 d5 2. Nf3 Nf6 3. e3 Bg4 4. Be2 e6 5. 0-0 Bd6 6. h3 Bh5 7. Nbd2 0-0 8. c4 c6 9. c5 Bc7 10. b4 Nbd7 11. Bb2 b6 12. Rc1 b5 13. a4 a5 14. bxa5 Rxa5 15. axb5 cxb5 16. Ra1 Qb8 17. Rxa5 Bxa5 18. c6 Nb6 19. Bxb5 Nc4 20. Bxc4 Qxb2 21. Bd3 Rc8 22. Qc2 Qxc2 23. Bxc2 Rxc6 24. Rc1 Bg6 25. Nb3 Bb4 26. Bxg6 Rxc1+ 27. Nxc1 fxg6 28. Nd3 Bd6 29. Nc5 Kf8 30. Kf1 Ke8 31. Ke2 Kd8 32. Ne5 Kc7 33. g4 Kb6 34. Ncd7+ Nxd7 35. Nxd7+ Kb5 36. Ne5 Kb4 37. h4 Bxe5 38. dxe5 Kc4 39. f4 d4 40. exd4 Kxd4 41. Kf3 Kd5 42. Ke3 Kc5 43. Ke4 Kc4 44. f5 gxf5+ 45. gxf5 exf5+ 46. Kxf5 Kd5 47. h5 g6+ 48. hxg6 hxg6+ 49. Kf6 g5 50. e6 g4 51. e7 g3 52. e8Q g2 53. Qe5+ Kc4 54. Qg3 g1Q 55. Qxg1 Kc3 56. Qd1 Kb2 57. Qd3 Ka1 58. Qd2 Kb1 59. Ke5 Ka1 60. Kd4 Kb1 61. Kc3 Ka1 62. Qb2# 1-0

[Event "Liptovsky Jan op"]
[Site "Liptovsky Jan"]
[Date "2022.06.25"]
[Round "5"]
[White "Vastik, Tomas"]
[Black "Haasova, Nina"]
[Result "1-0"]
[WhiteElo "1469"]
[BlackElo "1217"]
[PlyCount "35"]
[EventDate "2022.06.23"]
[EventType "swiss"]
[EventRounds "7"]
[EventCountry "SVK"]
[SourceTitle "CBM 209 Extra"]
[Source "ChessBase"]
[SourceDate "2022.09.30"]
[SourceVersion "1"]
[SourceVersionDate "2022.09.30"]
[SourceQuality "1"]

1. e4 d6 2. Nc3 Nf6 3. h3 c5 4. Nf3 g6 5. Bb5+ Bd7 6. Qe2 Bg7 7. Bxd7+ Nbxd7 8. 0-0 0-0 9. d3 b6 10. Bg5 h6 11. Bd2 b5 12. a3 a6 13. Nh2 e5 14. Rfe1 Nb6 15. Ng4 h5 16. Nxf6+ Bxf6 17. Qf3 Kg7 18. h4 1-0

[Event "Liptovsky Jan op"]
[Site "Liptovsky Jan"]
[Date "2022.06.24"]
[Round "3.50"]
[White "Dicer, Juraj"]
[Black "Haasova, Nina"]
[Result "1-0"]
[WhiteElo "1556"]
[BlackElo "1217"]
[PlyCount "96"]
[EventDate "2022.06.23"]
[EventType "swiss"]
[EventRounds "7"]
[EventCountry "SVK"]
[SourceTitle "CBM 209 Extra"]
[Source "ChessBase"]
[SourceDate "2022.09.30"]
[SourceVersion "1"]
[SourceVersionDate "2022.09.30"]
[SourceQuality "1"]

1. d4 d5 2. c4 c6 3. cxd5 cxd5 4. Nc3 Nf6 5. Qc2 g6 6. Bf4 Bg7 7. Nf3 0-0 8. e3 Bf5 9. Qb3 b6 10. Nb5 Nbd7 11. Be2 Qc8 12. Nc7 Rb8 13. Nxd5 Nxd5 14. Bxb8 Nxe3 15. fxe3 Qxb8 16. 0-0 Bg4 17. h3 Bxf3 18. Rxf3 e5 19. Bc4 Nf6 20. Raf1 Qd6 21. g4 g5 22. Rf5 h6 23. dxe5 Qc6 24. Rxf6 Bxf6 25. Rxf6 Qd7 26. e6 Qe7 27. Qc3 fxe6 28. Rxh6 Qg7 29. Bxe6+ Rf7 30. Rf6 Kh8 31. Rxf7 Qxc3 32. bxc3 a5 33. Rd7 b5 34. e4 b4 35. cxb4 axb4 36. e5 b3 37. Rd8+ Kg7 38. Bxb3 Kg6 39. e6 Kf6 40. Rf8+ Ke7 41. Rf7+ Ke8 42. Ba4+ Kd8 43. e7+ Kc7 44. e8Q+ Kd6 45. Rd7+ Kc5 46. Qc8+ Kb4 47. Rb7+ Ka3 48. Bd1 Kxa2 1-0

[Event "SVK-ch U10 Girls"]
[Site "Stara Lubovna"]
[Date "2022.05.25"]
[Round "6"]
[White "Haasova, Nina"]
[Black "Stauderova, Alica"]
[Result "1-0"]
[WhiteElo "1216"]
[BlackElo "1000"]
[PlyCount "59"]
[EventDate "2022.05.21"]
[EventType "tourn"]
[EventRounds "10"]
[EventCountry "SVK"]
[SourceTitle "CBM 208 Extra"]
[Source "ChessBase"]
[SourceDate "2022.07.31"]
[SourceVersion "1"]
[SourceVersionDate "2022.07.31"]
[SourceQuality "1"]

1. d4 e6 2. Nf3 Nf6 3. Bf4 Be7 4. e3 0-0 5. Bd3 Nc6 6. 0-0 b6 7. c4 Ba6 8. a3 h6 9. Nc3 d6 10. b4 Rc8 11. b5 Bb7 12. bxc6 Bxc6 13. Bc2 Rb8 14. Rb1 Bxf3 15. Qxf3 b5 16. Nxb5 a6 17. Na7 Rxb1 18. Rxb1 Qe8 19. Nc6 Bd8 20. Rb8 Nh7 21. Rxd8 Qxd8 22. Nxd8 Rxd8 23. Qb7 e5 24. Bg3 Rf8 25. dxe5 dxe5 26. Bxh7+ Kxh7 27. h3 Kh8 28. Qxc7 Rg8 29. Qxf7 Rb8 30. Bxe5 1-0

[Event "Liptovsky Jan Slovak op U2200"]
[Site "Liptovsky Jan"]
[Date "2021.06.17"]
[Round "1"]
[White "Verba, Vladimir"]
[Black "Haasova, Nina"]
[Result "1-0"]
[WhiteElo "1774"]
[BlackElo "1000"]
[PlyCount "55"]
[EventDate "2021.06.17"]
[EventType "swiss"]
[EventRounds "7"]
[EventCountry "SVK"]
[SourceTitle "CBM 203 Extra"]
[Source "ChessBase"]
[SourceDate "2021.09.30"]
[SourceVersion "1"]
[SourceVersionDate "2021.09.30"]
[SourceQuality "1"]

1. e4 e5 2. Nc3 Nf6 3. g3 Bc5 4. Bg2 0-0 5. Nge2 Nc6 6. 0-0 d6 7. d3 Bg4 8. h3 Be6 9. Kh2 h6 10. f4 exf4 11. gxf4 Re8 12. d4 Bb6 13. d5 Bxd5 14. exd5 Ne7 15. Ng3 Qd7 16. Nh5 Nxh5 17. Qxh5 Nf5 18. Qg4 Rad8 19. Ne4 a5 20. Nf6+ Kf8 21. Nxd7+ Rxd7 22. Qxf5 Rde7 23. Bd2 g6 24. Qf6 Rd7 25. Qh8+ Ke7 26. Rae1+ Be3 27. Rxe3+ Kd8 28. Qxe8# 1-0

[Event "SVK-ch U08 Girls"]
[Site "Lubovna"]
[Date "2020.08.15"]
[Round "1"]
[White "Haasova, Nina"]
[Black "Gondekova, Emma"]
[Result "1-0"]
[WhiteElo "1000"]
[BlackElo "1000"]
[PlyCount "93"]
[EventDate "2020.08.15"]
[EventType "tourn"]
[EventRounds "10"]
[EventCountry "SVK"]
[SourceTitle "EXT 2021"]
[Source "ChessBase"]
[SourceDate "2020.10.23"]
[SourceVersion "1"]
[SourceVersionDate "2020.10.23"]
[SourceQuality "1"]

1. e4 e5 2. Nf3 Nc6 3. Bc4 Nf6 4. Nc3 Bc5 5. d3 0-0 6. 0-0 d6 7. h3 Bb4 8. Bd2 h6 9. a3 Bxc3 10. Bxc3 d5 11. exd5 Nxd5 12. Bxe5 Re8 13. Re1 Na5 14. Bxd5 Qxd5 15. Bxc7 Rxe1+ 16. Qxe1 Qc5 17. Qe5 Qxe5 18. Bxe5 f6 19. Bd6 Bd7 20. Re1 Bc6 21. b4 Bxf3 22. gxf3 Rd8 23. Bc7 Rc8 24. Re7 Nc6 25. Rd7 Re8 26. b5 Ne5 27. Bxe5 Rxe5 28. Rxb7 Re1+ 29. Kg2 Rb1 30. a4 Rb4 31. a5 Ra4 32. Rxa7 Ra2 33. b6 Rxc2 34. b7 Rb2 35. a6 Kf8 36. Ra8+ Kf7 37. b8Q Rxb8 38. Rxb8 Kg6 39. a7 f5 40. a8Q h5 41. Rb6+ Kg5 42. Qa4 f4 43. Qb5+ Kh4 44. Qc4 g5 45. Qg8 g4 46. hxg4 hxg4 47. Qxg4# 1-0